00677nam a2200217Ia 4500003000900000008004100009040001300050040001300063041000800076100002300084245007300107250000900180260001300189260000900202300001100211300001000222490000600232942000700238999001700245952019700262IT-RoPAU120407s9999 xx 000 0 und d aIT-RoPAU cIT-RoPAU aita aDomenico Mannajoli aL’atto eroico di carità in suffragio delle anime del purgatorio. aRoma aVaticana c1932 a420 p. c25 cm v1 cBK c34381d34381 00102ddc406236_50000000000000071aPAULUSbPAULUSd2012-04-11l0o236.5r2012-04-11 00:00:00w2012-04-11yBKzInserito da: Jole In data: 12 settembre 2011 fondo: Via A.Severo 56 Progr:16846